000 00614nam a2200169Ia 4500
999 _c53466
_d53466
003 GCL
005 20240530105133.0
008 140319s9999 xx 000 0 ara d
040 _aGCL /
_cGCL
082 0 4 _a239
_bا ق
100 1 _aابن قيم الجوزية: شمس الدين ابو عبدالله محمد بن ابى بكر
245 1 0 _aالسيرة النبوية /
_cابن قيم الجوزية: شمس الدين ابو عبدالله محمد بن ابى بكر
260 _a[S.N] :
_bدار الصفا ،
_c1991
300 _a75 ص
650 0 4 _aالسيرة النبوية
942 _2ddc
_cBK